000 01335 a2200193 4500
003 NUST
005 20230717110013.0
010 _a627477
040 _cNust
082 _a551.8,GOG
100 _aGoguel, Jean.
_9113686
245 _aTectonics /
_cJean Goguel
250 _afrench ed of 1952
260 _aLondon
_bW.H freeman and company
_c1962
300 _a384p.
505 _aIntroduction (Page-1), Morphology and Tectonics (Page-5), Stratigraphy and Tectonics (Page-17), Study of Rock Deformation Continuous Deformations (Page-36), Study of Rock Deformation Discontinuous Deformations (Page-64), Observation of Rock Displacements (Page-74), The Data of Geophysical Exploration (Page-92), Some Deformations of Nontectonic Origin (Page-101), Geometric Presentation of Results (Page-111), Some Types of Elementary Structural Forms (Page-124), Kinematic Interpretation of Tectonic Deformations (Page-147), Dynamic Interpretation (Page-174), Applications of Mechanical Interpretation Considerations (Page-200), Some Types of Basement Complications (Page-220), Different Types of Alpine Structures The Root Idea (Page-236), General Tectonics Isostasy (Page-262), Overall Considerations on Organic Deformations Echeloning in Time and Distribution in Space (Page-272).
650 _aTectonics
_9113687
942 _2ddc
_cBK
_k551.8,GOG
999 _c183824
_d183824